Black & White (Record no. 34354)
[ view plain ]
| 000 -LEADER | |
|---|---|
| fixed length control field | 01459nam a22003137a 4500 |
| 003 - CONTROL NUMBER IDENTIFIER | |
| control field | dpl |
| 005 - DATE AND TIME OF LATEST TRANSACTION | |
| control field | 20100303135233.0 |
| 007 - PHYSICAL DESCRIPTION FIXED FIELD--GENERAL INFORMATION | |
| fixed length control field | DVD |
| 008 - FIXED-LENGTH DATA ELEMENTS--GENERAL INFORMATION | |
| fixed length control field | 080925t xxu||||| |||| 00| 0 eng d |
| 010 ## - LIBRARY OF CONGRESS CONTROL NUMBER | |
| LC control number | DVD-005796-5797 |
| 024 ## - OTHER STANDARD IDENTIFIER | |
| Standard number or code | DVDU-637 |
| Terms of availability | 99.00 |
| 035 ## - SYSTEM CONTROL NUMBER | |
| System control number | DVD-005796-5797 |
| 040 ## - CATALOGING SOURCE | |
| Original cataloging agency | DVD |
| Transcribing agency | DPL |
| 082 ## - DEWEY DECIMAL CLASSIFICATION NUMBER | |
| Classification number | DVD / BLAC |
| 245 ## - TITLE STATEMENT | |
| Title | Black & White |
| Statement of responsibility, etc | Mukta Serch Light Films Presents |
| Medium | [videorecording] DVD/ |
| 260 ## - PUBLICATION, DISTRIBUTION, ETC. (IMPRINT) | |
| Place of publication, distribution, etc | Mumbai |
| Name of publisher, distributor, etc | Ultra Distributors Pvt. Ltd. |
| 300 ## - PHYSICAL DESCRIPTION | |
| Extent | 1 videodisc DVD; |
| Other physical details | sd., col.; |
| Dimensions | 4 3/4 in. |
| Type of unit | DVD |
| 440 ## - SERIES STATEMENT/ADDED ENTRY--TITLE | |
| Title | Ultra DVD |
| 500 ## - GENERAL NOTE | |
| General note | Digitally mastered from the original film. Audio re-mastered in digital surround sound, Interactive menus of songs & scenes for easy access |
| 538 ## - SYSTEM DETAILS NOTE | |
| System details note | 5.1 Digital Surround Sound, Language Hindi, Subtitles English |
| 650 ## - SUBJECT ADDED ENTRY--TOPICAL TERM | |
| Topical term or geographic name as entry element | Motion Picture |
| 700 ## - ADDED ENTRY--PERSONAL NAME | |
| Personal name | Ghai, Subhash |
| 700 ## - ADDED ENTRY--PERSONAL NAME | |
| Personal name | Sinha, Anurag |
| 700 ## - ADDED ENTRY--PERSONAL NAME | |
| Personal name | Kapoor, Anil |
| 942 ## - ADDED ENTRY ELEMENTS (KOHA) | |
| Source of classification or shelving scheme | Dewey Decimal Classification |
| Koha item type | CD-ROMs, DVDs, VHS |
| Classification part | DVD |
| Call number suffix | BLAC |
| Withdrawn status | Lost status | Source of classification or shelving scheme | Damaged status | Not for loan | Home library | Current library | Date acquired | Source of acquisition | Cost, normal purchase price | Total Checkouts | Full call number | Barcode | Date last seen | Date checked out | Copy number | Cost, replacement price | Price effective from | Koha item type |
|---|---|---|---|---|---|---|---|---|---|---|---|---|---|---|---|---|---|---|
| Dewey Decimal Classification | Central Library | Central Library | 03/03/2010 | Pioneers/1003/17-11-09/325/13-10-09 /30-11-09 | 99.00 | 19 | DVD BLAC | DVD-005796 | 24/05/2014 | 16/05/2014 | 1 | 99.00 | 03/03/2010 | CD-ROMs, DVDs, VHS | ||||
| Dewey Decimal Classification | Patel Nagar | Patel Nagar | 03/03/2010 | Pioneers/1003/17-11-09/325/13-10-09 /30-11-09 | 99.00 | 11 | DVD BLAC | DVD-005797 | 07/07/2014 | 02/07/2014 | 1 | 99.00 | 03/03/2010 | CD-ROMs, DVDs, VHS |
